000 00664nam a2200241 i 4500
001 C2-0337124
003 PPAK
005 20180728135945.0
008 160718s2014 cc a|||| ||||| | chi d
020 _a9787535193438
040 _aPPAK
_beng
_cPPAK
_erda
082 0 4 _a895.1
_223
090 0 0 _a895.1
_bYUE
_dK
100 1 _aYue, Han,
_eauthor
245 1 0 _aXing lai de sheng lin 2
264 1 _aWu Han :
_bHu bei jiao yu chu ban she ,
_c2014
300 _a122 pages :
_bcolour illustrations ;
_c25 cm
336 _2rdacontent
_atext
337 _2rdamedia
_aunmediated
338 _2rdacarrier
_avolume
650 1 0 _aChinese literature.
942 _ddc
_cB
999 _c134837
_d134837